Quiz des Armoiries Régionales de France - Statistiques

Statistiques générales
  • Ce quiz a été pris 49 fois
  • Le résultat moyen est 9 sur 13
Statistiques - réponses
Par images Réponse % Correct
Corse
98%
Bretagne
93%
Île-de-France
86%
Normandie
82%
Occitanie
82%
Pays de la Loire
70%
Provence-Alpes-Côte d'Azur
68%
Bourgogne-Franche-Comté
66%
Grand Est
66%
Auvergne-Rhône-Alpes
64%
Nouvelle-Aquitaine
64%
Hauts-de-France
52%
Centre-Val de Loire
50%
Aucun quiz correspondant
Distribution des résultats
% des personnes avec chaque résultat
Percentile par nombre de réponses
Votre historique - résultats
Vous n’avez pas pris ce quiz